Társulati ügyek Szakosztályi ülés. A Zsebatlasz-pályázatok nyertesei
Elmentve itt :
| Dokumentumtípus: | Cikk |
|---|---|
| Megjelent: |
1923
|
| Sorozat: | Föld és ember
3 No. 2-4 |
| Kulcsszavak: | Földrajztudomány |
| Online Access: | http://acta.bibl.u-szeged.hu/10366 |
| LEADER | 00552nab a2200157 i 4500 | ||
|---|---|---|---|
| 001 | acta10366 | ||
| 005 | 20210624091340.0 | ||
| 008 | 161015s1923 hu o 0|| hun d | ||
| 040 | |a SZTE Egyetemi Kiadványok Repozitórium |b hun | ||
| 041 | |a hun | ||
| 245 | 0 | 0 | |a Társulati ügyek |h [elektronikus dokumentum] : |b Szakosztályi ülés. A Zsebatlasz-pályázatok nyertesei |
| 260 | |c 1923 | ||
| 300 | |a 88 | ||
| 490 | 0 | |a Föld és ember |v 3 No. 2-4 | |
| 695 | |a Földrajztudomány | ||
| 856 | 4 | 0 | |u http://acta.bibl.u-szeged.hu/10366/1/fold_003_002_004_088.pdf |z Dokumentum-elérés |